Sanitation and hygiene in Africa: where do we stand? / (Record no. 290632)
[ view plain ]
| 000 -LEADER | |
|---|---|
| fixed length control field | 00641nam a2200145Ia 4500 |
| 008 - FIXED-LENGTH DATA ELEMENTS--GENERAL INFORMATION | |
| fixed length control field | 160216s9999 xx 000 0 und d |
| 100 ## - MAIN ENTRY--PERSONAL NAME | |
| Personal name | Cross, P. |
| 245 ## - TITLE STATEMENT | |
| Title | Sanitation and hygiene in Africa: where do we stand? / |
| 245 ## - TITLE STATEMENT | |
| Statement of responsibility, etc | P. Cross & Y. Coombes. |
| 260 ## - PUBLICATION, DISTRIBUTION, ETC. (IMPRINT) | |
| Name of publisher, distributor, etc | IWA Publishing |
| 260 ## - PUBLICATION, DISTRIBUTION, ETC. (IMPRINT) | |
| Date of publication, distribution, etc | 2014 |
| 650 ## - SUBJECT ADDED ENTRY--TOPICAL TERM | |
| General subdivision | Hygiene - Africa. |
| 650 ## - SUBJECT ADDED ENTRY--TOPICAL TERM | |
| General subdivision | Sanitation - Africa. |
| 856 ## - ELECTRONIC LOCATION AND ACCESS | |
| Uniform Resource Identifier | <a href="https://www.google.com/url?sa=t&rct=j&q=&esrc=s&source=web&cd=5&cad=rja&uact=8&ved=0ahUKEwi4nruZnfvKAhWFkpQKHbwNAhAQFgg3MAQ&url=http%3A%2F%2Fwww.oapen.org%2Fdownload%3Ftype%3Ddocument%26docid%3D578131&usg=AFQjCNGgO6qXwGA6ssdsqqBC45ShRfT-kg&sig2=J9fU9LQCKS">https://www.google.com/url?sa=t&rct=j&q=&esrc=s&source=web&cd=5&cad=rja&uact=8&ved=0ahUKEwi4nruZnfvKAhWFkpQKHbwNAhAQFgg3MAQ&url=http%3A%2F%2Fwww.oapen.org%2Fdownload%3Ftype%3Ddocument%26docid%3D578131&usg=AFQjCNGgO6qXwGA6ssdsqqBC45ShRfT-kg&sig2=J9fU9LQCKS</a> |
| Withdrawn status | Lost status | Damaged status | Home library | Current library | Date acquired | Total Checkouts | Date last seen | Price effective from | Koha item type |
|---|---|---|---|---|---|---|---|---|---|
| College Library | College Library | 02/16/2016 | 02/16/2016 | 02/16/2016 | Curriculum - Based eBooks |